Oid mortales: las malvinas son argentinas (folleto) /
Guardado en:
| Formato: | Libro |
|---|---|
| Publicado: |
:
, 0
|
| Materias: | |
| Etiquetas: |
Agregar Etiqueta
Sin Etiquetas, Sea el primero en etiquetar este registro!
|
| LEADER | 00949nam a22002295a 4500 | ||
|---|---|---|---|
| 001 | CEM.cems007762 | ||
| 005 | 20060214000000.0 | ||
| 008 | 130507b######################000#0#####d | ||
| 003 | CEMS | ||
| 082 | 0 | 4 | |a F320.1 |
| 245 | 0 | 0 | |a Oid mortales: las malvinas son argentinas (folleto) / |
| 260 | |a : |b , 0 | ||
| 653 | |a Fc | ||
| 859 | |a CEMS |b BIB. CEMS - 11 de abril |h F320.1 |i 4-5 |p 149.44 |t Ej.1 | ||
| 859 | |a CEMS |b BIB. CEMS - 11 de abril |h F320.1 |i 4-5 |p 150.44 |t Ej.2 | ||
| 859 | |a CEMS |b BIB. CEMS - 11 de abril |h F320.1 |i 4-5 |p 151.44 |t Ej.3 | ||
| 859 | |a CEMS |b BIB. CEMS - 11 de abril |h F320.1 |i 4-5 |p 152.44 |t Ej.4 | ||
| 859 | |a CEMS |b BIB. CEMS - 11 de abril |h F320.1 |i 4-5 |p 153.44 |t Ej.5 | ||
| 859 | |a CEMS |b BIB. CEMS - 11 de abril |h F320.1 |i 4-5 |p 154.44 |t Ej.6 | ||
| 859 | |a CEMS |b BIB. CEMS - 11 de abril |h F320.1 |i 4-5 |p 155.44 |t Ej.7 | ||
| 859 | |a CEMS |b BIB. CEMS - 11 de abril |h F320.1 |i 4-5 |p 156.44 |t Ej.8 | ||
| 859 | |a CEMS |b BIB. CEMS - 11 de abril |h F320.1 |i 4-5 |p 2109.44 |t Ej.9 | ||
